Central Library OPAC University of Rajshahi

A financial history of the new Japan / (Record no. 59143)

MARC details
000 -LEADER
fixed length control field 00851nam a2200253 a 4500
001 - CONTROL NUMBER
control field 59143
003 - CONTROL NUMBER IDENTIFIER
rucl marc code BD-RjUL
005 - DATE AND TIME OF LATEST TRANSACTION
control field 20211209080710.0
008 - FIXED-LENGTH DATA ELEMENTS--GENERAL INFORMATION
fixed length control field 161221s1972 ja a s 001 0 eng
020 ## - INTERNATIONAL STANDARD BOOK NUMBER
International Standard Book Number 0870111574 (Palo Alto)
035 ## - SYSTEM CONTROL NUMBER
System control number (BD-RjUL)59267
040 ## - CATALOGING SOURCE
Original cataloging agency DLC
Transcribing agency DLC
Modifying agency BD-RjUL
082 00 - DEWEY DECIMAL CLASSIFICATION NUMBER
Classification number 332.0952
Edition number 23
Author mark and year ADF 1972
100 1# - MAIN ENTRY--PERSONAL NAME
Personal name Adams, T. F. M.
Fuller form of name (Thomas Francis Morton)
9 (RLIN) 175859
245 12 - TITLE STATEMENT
Title A financial history of the new Japan /
Statement of responsibility, etc. T. F. M. Adams and Iwao Hoshii.
260 ## - PUBLICATION, DISTRIBUTION, ETC. (IMPRINT)
Place of publication, distribution, etc. Tokyo :
Name of publisher, distributor, etc. Kodansha International,
Date of publication, distribution, etc. c1972
300 ## - PHYSICAL DESCRIPTION
Pagination 547 p. :
Illustrations ill. ;
Size 25 cm.
500 ## - GENERAL NOTE
General note Includes index.
650 #0 - SUBJECT ADDED ENTRY--TOPICAL TERM
Topical term or geographic name as entry element Finance
Geographic subdivision Japan
General subdivision History.
9 (RLIN) 173543
Topical term or geographic name as entry element Financial institutions
Geographic subdivision Japan.
9 (RLIN) 175860
651 #0 - SUBJECT ADDED ENTRY--GEOGRAPHIC NAME
Geographic name Japan
General subdivision Economic conditions
Chronological subdivision 1945-1989.
9 (RLIN) 172994
700 1# - ADDED ENTRY--PERSONAL NAME
Personal name Hoshii, Iwao,
Dates associated with a name 1905-
Relator term joint author.
942 ## - ADDED ENTRY ELEMENTS (KOHA)
Source of classification or shelving scheme Dewey Decimal Classification
Koha item type Books
Holdings
Lost status Source of classification or shelving scheme Damaged status Not for loan Collection code Permanent Location Current Location Shelving location Date acquired Source of acquisition Total Checkouts Full call number Date last seen Copy number Koha item type
  Dewey Decimal Classification   Not For Loan Non-fiction Central Library, University of Rajshahi Central Library, University of Rajshahi Reading Room 25/04/1979 Japan foun.   332.0952 ADF 1972 21/12/2016 C-1 Books